Tekst piosenki "Miasto budzi się" - Statystyki

Ogólne statystyki
  • Ten quiz został rozwiązany 15 razy
  • Średni wynik to 14 z 22
Statystyki odpowiedzi
Tekst % Poprawnych
Moje {miasto} budzi się.
100%
Daj nam {dzisiaj} dobry dzień, dobry dzień.
79%
Miasto {budzi} się.
79%
Miasto {budzi} się.
79%
Nie jesteśmy {sami}.
79%
Ty jeszcze śnij i wyśnij dla nas {sen}.
79%
Z naszymi {marzeniami}.
79%
Idę {ulicą} pustą, sławie co nad nami.
71%
{Szumem} ulic woła mnie.
71%
Za tę {chwilę}, która jest.
64%
Ja przed {słońcem} wstanę, by powitać nowy dzień.
57%
{Kocham} je.
57%
{Patrzę} na moje miasto,
57%
W ciemną noc {obejmę} Cię.
57%
Zamykamy {oczy}.
57%
A potem tak jak {zawsze}.
50%
{Poranek} taki cichy, dzień powoli wstaje.
50%
Za tę ciszę, za ten {świt}.
50%
{Wieczorem} gdy już cicho,
43%
Że jesteś obok mnie, że nie {poddałaś} się.
43%
W {złoto} zaraz zmieni je.
36%
Słońce {purpurą} już okryło {czarne} dachy.
29%
Nie znaleziono quizów pasujących do podanych kryteriów
Rozkład punktacji
Procent ludzi z każdym wynikiem
Percentyl według liczby udzielonych odpowiedzi
Twoja historia wyników
Nie rozwiązałeś tego quizu